Combien de ville des Vosges (88) connais-tu ? - Statistiques

Statistiques générales
  • Ce quiz a été pris 59 fois
  • Le résultat moyen est 36 sur 507
Statistiques - réponses
Code postal Ville % Correct
88026 Épinal
88%
88100 Saint-Dié-des-Vosges
67%
88407 Gérardmer
63%
88300 Neufchâteau
60%
88200 Remiremont
60%
88800 Vittel
58%
88016 Thaon-les-Vosges
50%
88190 Golbey
48%
88130 Charmes
46%
88500 Mirecourt
46%
88700 Brû
44%
88140 Contrexéville
44%
88016 Raon-l'Étape
44%
88510 Éloyes
42%
88250 La Bresse
42%
88600 Bruyères
40%
88700 Rambervillers
40%
88230 Fraize
35%
88650 Anould
33%
88380 Arches
33%
88200 Saint-Étienne-lès-Remiremont
33%
88350 Grand
31%
88160 Le Thillot
31%
88200 Saint-Nabord
31%
88540 Bussang
29%
88000 Jeuxey
29%
88440 Nomexy
29%
88550 Pouxeux
27%
88100 Sainte-Marguerite
27%
88400 Vagney
27%
88000 Chantraine
25%
88530 Le Tholy
25%
88140 Bulgnéville
23%
88260 Darney
23%
88390 Girancourt
23%
88700 Jeanménil
23%
88370 Plombières-les-Bains
23%
88380 Archettes
21%
88460 Cheniménil
21%
88630 Coussey
21%
88460 Docelles
21%
88340 Le Val-d'Ajol
21%
88230 Plainfaing
21%
88360 Rupt-sur-Moselle
21%
88220 Xertigny
21%
88170 Châtenois
19%
88310 Cornimont
19%
88200 Dommartin-lès-Remiremont
19%
88210 Le Mont
19%
88400 Xonrupt-Longemer
19%
88600 Aydoilles
17%
88330 Châtel-sur-Moselle
17%
88270 Dompaire
17%
88480 Étival-Clairefontaine
17%
88220 Hadol
17%
88550 Jarménil
17%
88650 Saint-Léonard
17%
88470 Saint-Michel-sur-Meurthe
17%
88450 Vincey
17%
88700 Bult
15%
88150 Chavelot
15%
88430 Corcieux
15%
88000 Dinozé
15%
88630 Domrémy-la-Pucelle
15%
88150 Igney
15%
88210 Le Saulcy
15%
88230 Le Valtin
15%
88350 Liffol-le-Grand
15%
88420 Moyenmoutier
15%
88470 Nompatelize
15%
88700 Padoux
15%
88500 Poussay
15%
88390 Sanchey
15%
88290 Saulxures-sur-Moselotte
15%
88210 Senones
15%
88600 Sercœur
15%
88460 Tendon
15%
88390 Uxegney
15%
88370 Bellefontaine
13%
88270 Circourt
13%
88000 Deyvillers
13%
88000 Dogneville
13%
88600 Fontenay
13%
88160 Le Ménil
13%
88600 Lépanges-sur-Vologne
13%
88260 Lerrain
13%
88390 Les Forges
13%
88120 Le Syndicat
13%
88500 Mattaincourt
13%
88160 Ramonchamp
13%
88300 Rebeuville
13%
88120 Saint-Amé
13%
88560 Saint-Maurice-sur-Moselle
13%
88700 Vomécourt
13%
88520 Ban-de-Laveline
10%
88300 Bazoilles-sur-Meuse
10%
88300 Certilleux
10%
88390 Chaumousey
10%
88270 Damas-et-Bettegney
10%
88160 Fresse-sur-Moselle
10%
88600 Girecourt-sur-Durbion
10%
88170 Gironcourt-sur-Vraine
10%
88460 La Baffe
10%
88320 Lamarche
10%
88300 Landaville
10%
88470 La Salle
10%
88600 Laval-sur-Vologne
10%
88800 Lignéville
10%
88220 Raon-aux-Bois
10%
88700 Sainte-Hélène
10%
88600 Champ-le-Duc
8%
88330 Damas-aux-Bois
8%
88220 Dounoux
8%
88360 Ferdrupt
8%
88600 Fremifontaine
8%
88440 Frizon
8%
88600 Grandvillers
8%
88270 Harol
8%
88270 Hennecourt
8%
88170 Houécourt
8%
88700 Housseras
8%
88500 Hymont
8%
88240 La Vôge-les-Bains
8%
88400 Liézey
8%
88000 Longchamp
8%
88300 Martigny-les-Gerbonvaux
8%
88150 Mazeley
8%
88140 Morville
8%
88300 Pompierre
8%
88170 Rouvres-la-Chétive
8%
88700 Saint-Benoît-la-Chipotte
8%
88700 Saint-Gorgon
8%
88100 Taintrux
8%
88300 Tilleux
8%
88220 Uzemain
8%
88200 Vecoux
8%
88310 Ventron
8%
88500 Villers
8%
88270 Ville-sur-Illon
8%
88500 Ahéville
6%
88700 Anglemont
6%
88300 Aulnois
6%
88700 Autrey
6%
88270 Bazegney
6%
88430 Biffontaine
6%
88130 Brantigny
6%
88600 Brouvelieures
6%
88110 Celles-sur-Plaine
6%
88270 Charmois-l'Orgueilleux
6%
88120 Cleurie
6%
88100 Coinches
6%
88390 Darnieulles
6%
88170 Dombrot-sur-Vair
6%
88260 Escles
6%
88260 Esley
6%
88140 Gendreville
6%
88640 Granges-Aumontzey
6%
88320 Isches
6%
88300 Jainvillotte
6%
88470 La Bourgonce
6%
88240 La Chapelle-aux-Bois
6%
88530 La Forge
6%
88210 La Petite-Raon
6%
88600 Laveline-devant-Bruyères
6%
88470 La Voivre
6%
88320 Martigny-les-Bains
6%
88410 Monthureux-sur-Saône
6%
88600 Mortagne
6%
88700 Moyemont
6%
88800 Norroy
6%
88700 Nossoncourt
6%
88270 Racécourt
6%
88110 Raon-sur-Plaine
6%
88520 Raves
6%
88800 Remoncourt
6%
88300 Rollainville
6%
88700 Romont
6%
88500 Rozerotte
6%
88410 Saint-Julien
6%
88140 Saulxures-lès-Bulgnéville
6%
88290 Thiéfosse
6%
88220 Uriménil
6%
88270 Valfroicourt
6%
88270 Valleroy-aux-Saules
6%
88270 Velotte-et-Tatignécourt
6%
88600 Viménil
6%
88140 Aingeville
4%
88320 Ainvelle
4%
88110 Allarmont
4%
88500 Ambacourt
4%
88170 Aouze
4%
88260 Attigny
4%
88300 Autreville
4%
88330 Badménil-aux-Bois
4%
88270 Bainville-aux-Saules
4%
88210 Ban-de-Sapt
4%
88500 Baudricourt
4%
88500 Bazoilles-et-Ménil
4%
88270 Begnécourt
4%
88500 Bettoncourt
4%
88410 Bleurville
4%
88130 Bouxurulles
4%
88270 Bouzemont
4%
88350 Brechainville
4%
88460 Charmois-devant-Bruyères
4%
88300 Circourt-sur-Mouzon
4%
88140 Crainvilliers
4%
88270 Derbamont
4%
88140 Dombrot-le-Sec
4%
88390 Domèvre-sur-Avière
4%
88330 Domèvre-sur-Durbion
4%
88800 Domjulien
4%
88600 Dompierre
4%
88650 Entre-deux-Eaux
4%
88130 Essegney
4%
88450 Évaux-et-Ménil
4%
88130 Florémont
4%
88240 Fontenoy-le-Château
4%
88320 Frain
4%
88350 Fréville
4%
88520 Gemaingoutte
4%
88120 Gerbamont
4%
88430 Gerbépal
4%
88390 Gigney
4%
88340 Girmont-Val-d'Ajol
4%
88270 Gorhey
4%
88630 Greux
4%
88240 Gruey-lès-Surance
4%
88600 Gugnécourt
4%
88270 Hagécourt
4%
88800 Haréville
4%
88300 Harmonville
4%
88260 Jésonville
4%
88500 Juvaincourt
4%
88520 La Croix-aux-Mines
4%
88800 La Neuveville-sous-Montfort
4%
88240 Le Clerjus
4%
88600 Les Rouges-Eaux
4%
88240 Les Voivres
4%
88490 Lusse
4%
88270 Madonne-et-Lamerey
4%
88600 Méménil
4%
88630 Midrevaux
4%
88800 Monthureux-le-Sec
4%
88330 Moriville
4%
88100 Nayemont-les-Fosses
4%
88260 Nonville
4%
88800 Parey-sous-Montfort
4%
88270 Pierrefitte
4%
88330 Portieux
4%
88260 Provenchères-lès-Darney
4%
88330 Rehaincourt
4%
88700 Sainte-Barbe
4%
88140 Saint-Ouen-lès-Parey
4%
88170 Saint-Paul
4%
88480 Saint-Remy
4%
88580 Saulcy-sur-Meurthe
4%
88630 Sionne
4%
88630 Soulosse-sous-Saint-Élophe
4%
88140 Suriauville
4%
88800 They-sous-Montfort
4%
88350 Trampot
4%
88130 Ubexy
4%
88800 Valleroy-le-Sec
4%
88330 Vaxoncourt
4%
88520 Wisembach
4%
88460 Xamontarupt
4%
88300 Attignéville
2%
88300 Autigny-la-Tour
2%
88140 Auzainvilliers
2%
88500 Avillers
2%
88130 Avrainville
2%
88230 Ban-sur-Meurthe-Clefcy
2%
88640 Barbey-Seroux
2%
88120 Basse-sur-le-Rupt
2%
88150 Bayecourt
2%
88700 Bazien
2%
88300 Beaufremont
2%
88260 Belmont-lès-Darney
2%
88600 Belmont-sur-Buttant
2%
88800 Belmont-sur-Vair
2%
88520 Bertrimoutier
2%
88450 Bettegney-Saint-Brice
2%
88170 Biécourt
2%
88270 Bocquegney
2%
88600 Bois-de-Champ
2%
88500 Boulaincourt
2%
88270 Bouxières-aux-Bois
2%
88630 Clérey-la-Côte
2%
88700 Clézentaine
2%
88490 Combrimont
2%
88170 Darney-aux-Chênes
2%
88600 Destord
2%
88600 Deycimont
2%
88000 Dignonville
2%
88260 Dombasle-devant-Darney
2%
88500 Dombasle-en-Xaintois
2%
88500 Domèvre-sous-Montfort
2%
88600 Domfaing
2%
88390 Dommartin-aux-Bois
2%
88260 Dommartin-lès-Vallois
2%
88170 Dommartin-sur-Vraine
2%
88700 Domptail
2%
88700 Doncières
2%
88500 Estrennes
2%
88600 Fays
2%
88600 Fiménil
2%
88390 Fomerey
2%
88490 Frapelle
2%
88630 Frebécourt
2%
88500 Frenelle-la-Grande
2%
88500 Frenelle-la-Petite
2%
88270 Gelvécourt-et-Adompt
2%
88170 Gemmelaincourt
2%
88500 Gircourt-lès-Viéville
2%
88330 Hadigny-les-Verrières
2%
88260 Hennezel
2%
88600 Herpelmont
2%
88500 Jorxey
2%
88600 La Chapelle-devant-Bruyères
2%
88490 La Grande-Fosse
2%
88240 La Haye
2%
88430 La Houssière
2%
88170 La Neuveville-sous-Châtenois
2%
88130 Langley
2%
88490 La Petite-Fosse
2%
88490 Le Beulay
2%
88270 Les Ableuvenettes
2%
88490 Lesseux
2%
88260 Les Vallois
2%
88450 Madegney
2%
88650 Mandray
2%
88320 Marey
2%
88270 Maroncourt
2%
88500 Mazirot
2%
88700 Ménarmont
2%
88500 Ménil-en-Xaintois
2%
88300 Mont-lès-Neufchâteau
2%
88100 Neuvillers-sur-Fave
2%
88500 Oëlleville
2%
88100 Pair-et-Grandrupt
2%
88330 Pallegney
2%
88350 Pargny-sous-Mureau
2%
88500 Pont-sur-Madon
2%
88630 Punerot
2%
88500 Puzieux
2%
88270 Rancourt
2%
88130 Rapey
2%
88640 Rehaupal
2%
88390 Renauvoid
2%
88500 Repel
2%
88120 Rochesson
2%
88500 Rouvres-en-Xaintois
2%
88700 Roville-aux-Chênes
2%
88130 Rugney
2%
88630 Ruppes
2%
88260 Saint-Baslemont
2%
88700 Saint-Maurice-sur-Mortagne
2%
88700 Saint-Pierremont
2%
88500 Saint-Prancher
2%
88170 Sandaucourt
2%
88260 Sans-Vallois
2%
88120 Sapois
2%
88300 Sartes
2%
88260 Senonges
2%
88130 Socourt
2%
88500 Thiraucourt
2%
88260 Thuillières
2%
88500 Totainville
2%
88500 Vaubexy
2%
88150 Villoncourt
2%
88320 Villotte
2%
88350 Villouxel
2%
88170 Viocourt
2%
88260 Viviers-le-Gras
2%
88500 Vomécourt-sur-Madon
2%
88500 Vroville
2%
88130 Xaronval
2%
88410 Ameuvelle
0%
88170 Aroffe
0%
88430 Arrentès-de-Corcieux
0%
88630 Avranville
0%
88170 Balléville
0%
88300 Barville
0%
88130 Battexey
0%
88600 Beauménil
0%
88260 Belrupt
0%
88210 Belval
0%
88500 Blémerey
0%
88320 Blevaincourt
0%
88260 Bonvillet
0%
88130 Chamagne
0%
88640 Champdray
0%
88210 Châtas
0%
88410 Châtillon-sur-Saône
0%
88500 Chauffecourt
0%
88500 Chef-Haut
0%
88630 Chermisey
0%
88410 Claudon
0%
88170 Courcelles-sous-Châtenois
0%
88320 Damblain
0%
88700 Deinvillers
0%
88210 Denipaire
0%
88170 Dolaincourt
0%
88500 Domvallier
0%
88460 Faucompierre
0%
88700 Fauconcourt
0%
88410 Fignévelle
0%
88320 Fouchécourt
0%
88270 Frénois
0%
88320 Gignéville
0%
88410 Godoncourt
0%
88210 Grandrupt
0%
88240 Grandrupt-de-Bains
0%
88410 Grignoncourt
0%
88450 Gugney-aux-Aulx
0%
88300 Hagnéville-et-Roncourt
0%
88330 Haillainville
0%
88300 Harchéchamp
0%
88700 Hardancourt
0%
88130 Hergugney
0%
88300 Houéville
0%
88210 Hurbache
0%
88630 Jubainville
0%
88640 Jussarupt
0%
88600 La Neuveville-devant-Lépanges
0%
88140 La Vacheresse-et-la-Rouillie
0%
88640 Laveline-du-Houx
0%
88270 Légéville-et-Bonfays
0%
88300 Lemmecourt
0%
88210 Le Puid
0%
88460 Le Roulier
0%
88600 Les Poulières
0%
88410 Les Thons
0%
88210 Le Vermont
0%
88410 Lironcourt
0%
88170 Longchamp-sous-Châtenois
0%
88490 Lubine
0%
88110 Luvigny
0%
88170 Maconcourt
0%
88270 Madecourt
0%
88140 Malaincourt
0%
88800 Mandres-sur-Vair
0%
88130 Marainville-sur-Madon
0%
88410 Martinvelle
0%
88630 Maxey-sur-Meuse
0%
88140 Médonville
0%
88210 Ménil-de-Senones
0%
88700 Ménil-sur-Belvitte
0%
88630 Moncel-sur-Vair
0%
88320 Mont-lès-Lamarche
0%
88240 Montmotier
0%
88170 Morelmaison
0%
88320 Morizécourt
0%
88210 Moussey
0%
88600 Nonzeville
0%
88500 Offroicourt
0%
88170 Ollainville
0%
88700 Ortoncourt
0%
88600 Pierrepont-sur-l'Arentèle
0%
88170 Pleuvezain
0%
88260 Pont-lès-Bonfays
0%
88600 Prey
0%
88490 Provenchères-et-Colroy
0%
88170 Rainville
0%
88500 Ramecourt
0%
88410 Regnévelle
0%
88450 Regney
0%
88260 Relanges
0%
88500 Remicourt
0%
88100 Remomeix
0%
88170 Removille
0%
88320 Robécourt
0%
88320 Romain-aux-Bois
0%
88320 Rozières-sur-Mouzon
0%
88700 Saint-Genest
0%
88210 Saint-Jean-d'Ormont
0%
88170 Saint-Menge
0%
88800 Saint-Remimont
0%
88210 Saint-Stail
0%
88270 Saint-Vallier
0%
88140 Sauville
0%
88130 Savigny
0%
88320 Senaide
0%
88630 Seraumont
0%
88320 Serécourt
0%
88320 Serocourt
0%
88170 Soncourt
0%
88320 Tignécourt
0%
88320 Tollaincourt
0%
88300 Tranqueville-Graux
0%
88240 Trémonzey
0%
88140 Urville
0%
88450 Varmonzey
0%
88000 Vaudéville
0%
88140 Vaudoncourt
0%
88600 Vervezelle
0%
88110 Vexaincourt
0%
88170 Vicherey
0%
88430 Vienville
0%
88210 Vieux-Moulin
0%
88260 Vioménil
0%
88500 Viviers-lès-Offroicourt
0%
88170 Vouxey
0%
88140 Vrécourt
0%
88700 Xaffévillers
0%
88330 Zincourt
0%
Aucun quiz correspondant
Distribution des résultats
% des personnes avec chaque résultat
Percentile par nombre de réponses
Votre historique - résultats
Vous n’avez pas pris ce quiz